[Event "82nd UKR-ch"]
[Site "Kyiv UKR"]
[Date "2013.06.25"]
[Round "1"]
[White "Areschenko, Alexander"]
[WhiteElo "2708"]
[Black "Yefymenko, Zakhar"]
[BlackElo "2651"]
[Result "1/2-1/2"]
[EventDate "2013.06.14"]
[PlyCount "38"]

1. e4 c5 2. Nf3 d6 3. d4 cxd4 4. Nxd4 Nf6 5. Nc3 a6 6. h3 e6 7. g4 d5 8. exd5 Nxd5 9. Bd2 b5 10. Bg2 Bb7 11. Nxd5 Bxd5 12. Bxd5 Qxd5 13. Qf3 Qxf3 14. Nxf3 Nd7 15. O-O-O Nf6 16. Rhe1 Bc5 17. Be3 Bxe3+ 18. Rxe3 O-O 19. Ne5 Nd5 1/2-1/2

[Event "82nd UKR-ch"]
[Site "Kyiv UKR"]
[Date "2013.06.16"]
[Round "1"]
[White "Baryshpolets, Andriy"]
[WhiteElo "2547"]
[Black "Neverov, Valeriy"]
[BlackElo "2515"]
[Result "1/2-1/2"]
[EventDate "2013.06.14"]
[PlyCount "95"]

1. d4 d5 2. c4 e6 3. Nf3 Nf6 4. g3 dxc4 5. Bg2 Nc6 6. Qa4 Bb4+ 7. Bd2 Nd5 8. Bxb4 Ndxb4 9. O-O Rb8 10. Na3 O-O 11. Qb5 b6 12. Qxc4 Ba6 13. Nb5 Qd5 14. Qxd5 Nxd5 15. a4 Ncb4 16. Rfc1 c6 17. Nxa7 Bxe2 18. Ne5 Ne7 19. Naxc6 Nexc6 20. Nxc6 Nxc6 21. Rxc6 Rfd8 22. b4 Rxd4 23. a5 bxa5 24. bxa5 Rbd8 25. f4 g5 26. fxg5 Bb5 27. Rb6 Bc4 28. Bb7 Rd1+ 29. Rxd1 Rxd1+ 30. Kf2 Ra1 31. a6 Kg7 32. Ke3 Kg6 33. h4 Kh5 34. Rc6 Bb5 35. Rc8 Kg4 36. Ra8 Kxg3 37. a7 Kxh4 38. Kd4 Be2 39. Ke5 Kg3 40. Kf6 Bh5 41. Be4 Bg6 42. Bxg6 fxg6 43. Kxe6 Kg4 44. Kf6 Ra6+ 45. Kg7 Kxg5 46. Kxh7 Kg4 47. Rb8 Rxa7+ 48. Kxg6 1/2-1/2

[Event "82nd UKR-ch"]
[Site "Kyiv UKR"]
[Date "2013.06.26"]
[Round "1"]
[White "Korobov, Anton"]
[WhiteElo "2715"]
[Black "Eljanov, Pavel"]
[BlackElo "2707"]
[Result "1/2-1/2"]
[EventDate "2013.06.14"]
[PlyCount "67"]

1. c4 Nf6 2. Nc3 e5 3. Nf3 Nc6 4. e4 Bb4 5. d3 d6 6. g3 a5 7. Bg2 Bg4 8. h3 Bxf3 9. Qxf3 Nd4 10. Qd1 a4 11. O-O a3 12. Nb5 Nxb5 13. cxb5 O-O 14. d4 exd4 15. Qxd4 Bc5 16. Qc4 Qe7 17. b4 Bb6 18. Bd2 Rfe8 19. Rae1 Qe6 20. Qxe6 Rxe6 21. e5 dxe5 22. Bxb7 Rd8 23. Be3 Rd3 24. Bc5 Rd2 25. Bc6 h5 26. Ra1 e4 27. Rfd1 Rb2 28. Rdb1 e3 29. fxe3 Rc2 30. Rb3 Ne4 31. Bxe4 Rxe4 32. Rxa3 Bxc5 33. bxc5 Rxc5 34. Rb3 1/2-1/2

[Event "82nd UKR-ch"]
[Site "Kyiv UKR"]
[Date "2013.06.16"]
[Round "1"]
[White "Kryvoruchko, Yuriy"]
[WhiteElo "2659"]
[Black "Kravtsiv, Martyn"]
[BlackElo "2626"]
[Result "1-0"]
[EventDate "2013.06.14"]
[PlyCount "81"]

1. e4 e5 2. Nf3 Nc6 3. Bb5 a6 4. Ba4 Nf6 5. O-O Be7 6. Re1 b5 7. Bb3 d6 8. c3 O-O 9. d4 Bg4 10. Be3 exd4 11. cxd4 Na5 12. Bc2 c5 13. h3 Bxf3 14. Qxf3 cxd4 15. Bxd4 Nc6 16. Be3 Nb4 17. Na3 Rc8 18. Re2 Nd7 19. Bf4 Ne5 20. Qb3 Nbc6 21. Rd1 Re8 22. Bb1 Bf8 23. Qg3 Re6 24. b3 Rc7 25. Nc2 Rd7 26. Red2 Ng6 27. Bg5 Qa8 28. Ne3 h6 29. Bf4 Nxf4 30. Qxf4 Qb7 31. Nf5 Qb6 32. Kh1 Ne5 33. Qg3 Rg6 34. Qh4 Re6 35. f4 Ng6 36. Qg3 Rc7 37. h4 Rc5 38. b4 Rc4 39. h5 Ne7 40. Nxd6 Rxb4 41. e5 1-0

[Event "82nd UKR-ch"]
[Site "Kyiv UKR"]
[Date "2013.06.16"]
[Round "1"]
[White "Moiseenko, Olexandr"]
[WhiteElo "2711"]
[Black "Volokytin, Andriy"]
[BlackElo "2687"]
[Result "0-1"]
[EventDate "2013.06.14"]
[PlyCount "81"]

1. e4 c5 2. Nf3 Nc6 3. d4 cxd4 4. Nxd4 Nf6 5. Nc3 e5 6. Ndb5 d6 7. Bg5 a6 8. Na3 b5 9. Bxf6 gxf6 10. Nd5 f5 11. Bd3 Be6 12. O-O Bxd5 13. exd5 Ne7 14. Re1 Bg7 15. c3 O-O 16. Nc2 f4 17. a4 bxa4 18. Nb4 f5 19. Rxa4 Ng6 20. Rxa6 Rxa6 21. Bxa6 Qg5 22. f3 Kh8 23. Kh1 Bf6 24. Qc2 Rg8 25. Bf1 Qh5 26. Nc6 Bh4 27. Ra1 Bg3 28. h3 Nh4 29. c4 Qg5 30. c5 Qf6 31. cxd6 Qxd6 32. b4 Rc8 33. Qc5 Qxc5 34. bxc5 Ng6 35. Bd3 e4 36. fxe4 f3 37. gxf3 Nf4 38. Ne7 Rxc5 39. Nxf5 h5 40. Nxg3 Nxd3 41. d6 0-1

[Event "82nd UKR-ch"]
[Site "Kyiv UKR"]
[Date "2013.06.15"]
[Round "1"]
[White "Ponomarov, Ruslan"]
[WhiteElo "2743"]
[Black "Bogdanovich, Stanislav"]
[BlackElo "2567"]
[Result "1-0"]
[EventDate "2013.06.14"]
[PlyCount "103"]

1. e4 e5 2. Nf3 Nc6 3. d4 exd4 4. Nxd4 Bc5 5. Nb3 Bb6 6. Nc3 d6 7. Qe2 Be6 8. Be3 Nf6 9. O-O-O Qe7 10. g3 O-O-O 11. Bg2 Rhe8 12. Rhe1 h6 13. h3 Qf8 14. f4 Bxb3 15. axb3 Bxe3+ 16. Qxe3 Nxe4 17. Nxe4 d5 18. Nd6+ Qxd6 19. Qxe8 Rxe8 20. Rxe8+ Kd7 21. Re3 Ne7 22. Rde1 Nc6 23. h4 Qc5 24. c3 d4 25. Rd1 Qb5 26. Kc2 a5 27. Bxc6+ Kxc6 28. Re5 Qa6 29. Rxd4 Qf1 30. Re7 Qg2+ 31. Kb1 Qxg3 32. Ka2 Qxh4 33. Rxf7 Qg3 34. Rdd7 b5 35. Rxc7+ Kd6 36. Rb7 a4 37. Rxg7 axb3+ 38. Kxb3 Qxf4 39. Rxb5 Qf1 40. Ra5 Qd1+ 41. Ka2 Qh1 42. Rh7 Qe4 43. Rxh6+ Kc7 44. Kb3 Qd3 45. Rc5+ Kb7 46. Rh4 Kb6 47. Rd4 Qe2 48. Rc8 Qe6+ 49. Rdc4 Kb7 50. R8c5 Qe2 51. Rb4+ Ka6 52. Ka2 1-0

[Event "82nd UKR-ch"]
[Site "Kyiv UKR"]
[Date "2013.06.25"]
[Round "2"]
[White "Bogdanovich, Stanislav"]
[WhiteElo "2567"]
[Black "Baryshpolets, Andriy"]
[BlackElo "2547"]
[Result "1-0"]
[EventDate "2013.06.14"]
[PlyCount "81"]

1. d4 d5 2. c4 c6 3. Nf3 Nf6 4. Nc3 e6 5. Qd3 Nbd7 6. g3 b6 7. Bg2 Ba6 8. b3 Be7 9. O-O O-O 10. e4 Rc8 11. Rd1 c5 12. exd5 exd5 13. Nb5 cxd4 14. Nfxd4 Bc5 15. Nxa7 dxc4 16. Qf1 Ne5 17. Nxc8 Qxc8 18. Bg5 cxb3 19. Qe1 b2 20. Rab1 Nd3 21. Qc3 Qg4 22. Be3 Ne4 23. Qc2 Nexf2 24. Bxf2 Bxd4 25. Rxd3 Bxf2+ 26. Qxf2 Bxd3 27. h3 Qg5 28. Rxb2 b5 29. Kh2 g6 30. Bf1 Bxf1 31. Qxf1 Rd8 32. h4 Qe5 33. Qe2 Qc3 34. Qxb5 Rd3 35. Re2 Kg7 36. Qg5 h6 37. Qf4 Rf3 38. Qb8 Qd3 39. Qb2+ f6 40. Qb7+ Kf8 41. Qe7+ 1-0

[Event "82nd UKR-ch"]
[Site "Kyiv UKR"]
[Date "2013.06.16"]
[Round "2"]
[White "Yefymenko, Zakhar"]
[WhiteElo "2651"]
[Black "Korobov, Anton"]
[BlackElo "2715"]
[Result "1/2-1/2"]
[EventDate "2013.06.14"]
[PlyCount "117"]

1. d4 Nf6 2. c4 e6 3. Nc3 Bb4 4. g3 c5 5. Nf3 cxd4 6. Nxd4 O-O 7. Bg2 d5 8. cxd5 Nxd5 9. Qb3 Qb6 10. Nc2 Bxc3+ 11. bxc3 Qxb3 12. axb3 Nxc3 13. Bb2 Nd5 14. e4 Nc7 15. O-O Nc6 16. Ne3 Bd7 17. Nc4 Nb5 18. Rfd1 Rfd8 19. e5 Rab8 20. Nd6 Nxd6 21. exd6 a6 22. Rac1 h6 23. Ba3 e5 24. Bc5 Be6 25. b4 Rd7 26. f4 exf4 27. gxf4 g5 28. fxg5 hxg5 29. Re1 Rc8 30. Rcd1 b6 31. Bxb6 Nxb4 32. Re5 g4 33. Rg5+ Kf8 34. Rh5 Rc4 35. Bf1 Re4 36. Rd4 Rxd4 37. Bxd4 f6 38. Bc5 Nd5 39. Bxa6 Nf4 40. Rh8+ Kg7 41. Rb8 Rf7 42. Kf1 Bf5 43. Rb3 Ne6 44. Be3 Nf8 45. Kf2 Ng6 46. Kg3 Be6 47. Rc3 f5 48. Rc7 f4+ 49. Bxf4 Nxf4 50. Rxf7+ Bxf7 51. Kxf4 Kf6 52. Bb5 Ke6 53. d7 Ke7 54. Kxg4 Be6+ 55. Kg5 Bxd7 56. Bxd7 Kf7 57. Kh6 Kg8 58. Be6+ Kh8 59. Ba2 1/2-1/2

[Event "82nd UKR-ch"]
[Site "Kyiv UKR"]
[Date "2013.06.22"]
[Round "2"]
[White "Neverov, Valeriy"]
[WhiteElo "2515"]
[Black "Kravtsiv, Martyn"]
[BlackElo "2626"]
[Result "0-1"]
[EventDate "2013.06.14"]
[PlyCount "53"]

1. e4 c5 2. Nf3 e6 3. d4 cxd4 4. Nxd4 a6 5. Be2 Nf6 6. Nc3 Bb4 7. O-O Bxc3 8. bxc3 Nxe4 9. Bf3 d5 10. Bxe4 dxe4 11. Ba3 f5 12. f3 e3 13. Qd3 Kf7 14. Qxe3 Re8 15. Rad1 Qa5 16. Bb4 Qxa2 17. Rfe1 e5 18. Qg5 Bd7 19. Qh5+ Kg8 20. Nxf5 Qe6 21. Nd6 Rf8 22. Rxe5 Qg6 23. Qxg6 hxg6 24. Nc4 Rf7 25. Nb6 Ra7 26. Red5 a5 27. Ba3 0-1

[Event "82nd UKR-ch"]
[Site "Kyiv UKR"]
[Date "2013.06.22"]
[Round "3"]
[White "Baryshpolets, Andriy"]
[WhiteElo "2547"]
[Black "Volokytin, Andriy"]
[BlackElo "2687"]
[Result "1/2-1/2"]
[EventDate "2013.06.14"]
[PlyCount "57"]

1. d4 Nf6 2. c4 e6 3. g3 d5 4. Nf3 Bb4+ 5. Bd2 Be7 6. Bg2 O-O 7. O-O c6 8. Qc2 b6 9. Rd1 Nbd7 10. Bf4 Ba6 11. cxd5 cxd5 12. Ne5 Nxe5 13. dxe5 Nd7 14. e4 Rc8 15. Nc3 d4 16. Rxd4 Qc7 17. Rc1 Rfd8 18. h4 h6 19. h5 Nc5 20. Rcd1 Rxd4 21. Rxd4 Rd8 22. Rxd8+ Qxd8 23. Bf1 Bxf1 24. Kxf1 Bg5 25. Na4 Bxf4 26. Nxc5 bxc5 27. gxf4 Qh4 28. Qxc5 Qxf4 29. Qxa7 1/2-1/2

[Event "82nd UKR-ch"]
[Site "Kyiv UKR"]
[Date "2013.06.19"]
[Round "3"]
[White "Bogdanovich, Stanislav"]
[WhiteElo "2567"]
[Black "Neverov, Valeriy"]
[BlackElo "2515"]
[Result "1-0"]
[EventDate "2013.06.14"]
[PlyCount "420"]

1. c4 e6 2. Nf3 d5 3. d4 Nf6 4. Nc3 Be7 5. Bg5 h6 6. Bh4 O-O 7. e3 Ne4 8. Bxe7 Qxe7 9. Qb3 Nxc3 10. bxc3 dxc4 11. Bxc4 b6 12. a4 Bb7 13. Qa3 c5 14. a5 Nd7 15. Be2 e5 16. O-O Rfd8 17. Rfd1 Kf8 18. Qb2 exd4 19. cxd4 Qf6 20. h3 Kg8 21. Qb3 cxd4 22. exd4 Nf8 23. axb6 axb6 24. Rxa8 Bxa8 25. d5 Ng6 26. g3 Rd6 27. Bc4 Bb7 28. Re1 Qf5 29. Nd4 Qxh3 30. Qf3 Qd7 31. Nb5 Bxd5 32. Qd1 Re6 33. Rf1 Re5 34. Nc3 Bc6 35. Qxd7 Bxd7 36. Rd1 Nf8 37. Nd5 b5 38. Bf1 Be6 39. Nc7 Bc4 40. Rb1 Ne6 41. Nxb5 Bxf1 42. Kxf1 Rd5 43. Nc3 Rd7 44. Kg2 g6 45. Rd1 Rb7 46. Nd5 Kg7 47. Ne3 Rb2 48. Rc1 h5 49. Rc2 Rb1 50. Rc4 Rb5 51. Nc2 Rd5 52. Ne3 Ra5 53. Rc2 Re5 54. Ra2 Re4 55. Ra7 Rd4 56. Ra2 h4 57. Rc2 hxg3 58. fxg3 Rd3 59. Nf1 Ra3 60. Rb2 Nd4 61. Rd2 Nf5 62. Rf2 Rb3 63. Rf3 Rb1 64. Rf2 Rc1 65. Rf3 Re1 66. Kf2 Rb1 67. Kg2 Ra1 68. Rf2 Nd6 69. Re2 Rc1 70. Ra2 Ne4 71. Re2 Nc5 72. Ra2 Re1 73. Rb2 Ne4 74. Ra2 Kf6 75. Ra6+ Ke5 76. Ra5+ Kd4 77. Ra4+ Kd5 78. Ra5+ Kc4 79. Ra4+ Kc3 80. Ra3+ Kd4 81. Ra4+ Kd5 82. Ra5+ Nc5 83. Ra2 Nd3 84. Ra5+ Kc4 85. Ra4+ Kc5 86. Ra5+ Kb4 87. Ra7 Ne5 88. Ra2 Kc5 89. Rc2+ Kd6 90. Rd2+ Ke6 91. Ra2 Nc4 92. Kf2 Rc1 93. Ne3 Nd6 94. Kg2 f6 95. Re2 Kf7 96. Ra2 Rb1 97. Nf1 Rb3 98. Re2 Nf5 99. Ra2 Kg7 100. Ra7+ Kh6 101. Ra2 Kg5 102. Rd2 Rc3 103. Ra2 Rd3 104. Ra5 Rb3 105. Ra2 Kh6 106. Rd2 Ra3 107. Rb2 Nd6 108. Rd2 Nc4 109. Rc2 Ne5 110. Rf2 Kg7 111. Rb2 Rc3 112. Rb7+ Kh6 113. Rb2 Rd3 114. Ra2 Rb3 115. Kg1 Rb6 116. Kg2 Rd6 117. Kg1 Rc6 118. Kg2 Rc1 119. Ne3 Re1 120. Kf2 Nd3+ 121. Kf3 Rb1 122. Kg2 Rb5 123. Ng4+ Kg5 124. Ne3 Ne5 125. Nf1 Rb3 126. Nd2 Re3 127. Nf1 Rd3 128. Nh2 Nc4 129. Nf1 Rc3 130. Re2 Kh6 131. Ra2 Nd6 132. Rd2 Ne4 133. Re2 Nc5 134. Ra2 Kg5 135. Re2 Ra3 136. Rc2 Ne4 137. Re2 f5 138. Rb2 Ra1 139. Rc2 Kf6 140. Rc6+ Kf7 141. Rc7+ Ke6 142. Rc6+ Nd6 143. Rc2 Kd5 144. Rd2+ Ke5 145. Rb2 Ne4 146. Nd2 Nd6 147. Nf3+ Kf6 148. Nd2 Rd1 149. Ra2 Ke6 150. Nf1 Ne4 151. Ra6+ Kf7 152. Ra7+ Kf6 153. Ra6+ Kg5 154. Ra2 Re1 155. Nh2 Kf6 156. Nf1 Ke5 157. Ra5+ Kd4 158. Ra4+ Kc5 159. Ra2 Kb4 160. Rc2 Kb3 161. Rc6 Re2+ 162. Kg1 g5 163. Rc8 Kb4 164. Rf8 Nd6 165. Rg8 g4 166. Nh2 Nc4 167. Nxg4 fxg4 168. Rxg4 Kc3 169. Rf4 Ne3 170. Rf8 Kd3 171. Rf7 Rg2+ 172. Kh1 Rxg3 173. Kh2 Rg5 174. Kh3 Nf5 175. Ra7 Ke4 176. Ra4+ Kf3 177. Ra3+ Ne3 178. Kh4 Rb5 179. Rc3 Kf4 180. Ra3 Re5 181. Ra4+ Kf3 182. Ra3 Rb5 183. Rc3 Kf4 184. Ra3 Nf5+ 185. Kh3 Rb4 186. Kg2 Ne3+ 187. Kh3 Kf3 188. Ra8 Rf4 189. Ra3 Re4 190. Ra8 Nd5 191. Ra3+ Ne3 192. Ra8 Re5 193. Rf8+ Nf5 194. Ra8 Re3 195. Rf8 Ke4+ 196. Kh2 Kf4 197. Rf7 Kg4 198. Kg1 Rf3 199. Rf8 Rf4 200. Rg8+ Kh3 201. Rh8+ Nh4 202. Ra8 Kg3 203. Rg8+ Kf3 204. Ra8 Nf5 205. Rf8 Ke2 206. Kh2 Kf2 207. Rh8 Rg4 208. Rh7 Rg2+ 209. Kh3 Rg3+ 210. Kh2 Nd4 1-0

[Event "82nd UKR-ch"]
[Site "Kyiv UKR"]
[Date "2013.06.18"]
[Round "3"]
[White "Korobov, Anton"]
[WhiteElo "2715"]
[Black "Moiseenko, Olexandr"]
[BlackElo "2711"]
[Result "1/2-1/2"]
[EventDate "2013.06.14"]
[PlyCount "86"]

1. c4 e5 2. Nc3 Bb4 3. Nd5 Bc5 4. b4 Bf8 5. a3 c6 6. Nc3 d5 7. e3 Nf6 8. Bb2 Be6 9. Nf3 Nbd7 10. d3 Bd6 11. Be2 O-O 12. O-O Rc8 13. Rc1 Qe7 14. Qc2 h6 15. Qb1 a6 16. Rfe1 Rfe8 17. cxd5 cxd5 18. Bd1 Bb8 19. e4 d4 20. Ne2 Rxc1 21. Bxc1 Rc8 22. Bd2 b5 23. Bb3 Nb6 24. Rc1 Bxb3 25. Rxc8+ Nxc8 26. Qxb3 Qe6 27. Qxe6 fxe6 28. Kf1 Kf7 29. Ke1 Ne7 30. Kd1 Nc6 31. Kc2 Nd7 32. Kb3 Nb6 33. g4 Bd6 34. Ng3 Be7 35. h4 Nd7 36. g5 hxg5 37. Nxg5+ Bxg5 38. Bxg5 Kg6 39. Kc2 Nf6 40. Kd1 Nh5 41. Ne2 Nf6 42. Ng3 Nh5 43. Ne2 Nf6 1/2-1/2

[Event "82nd UKR-ch"]
[Site "Kyiv UKR"]
[Date "2013.06.20"]
[Round "3"]
[White "Kravtsiv, Martyn"]
[WhiteElo "2626"]
[Black "Eljanov, Pavel"]
[BlackElo "2707"]
[Result "0-1"]
[EventDate "2013.06.14"]
[PlyCount "73"]

1. c4 e6 2. Nc3 d5 3. d4 Bb4 4. a3 Bxc3+ 5. bxc3 Nf6 6. cxd5 exd5 7. e3 O-O 8. Ne2 c5 9. f3 h5 10. g3 Re8 11. h3 Nc6 12. Kf2 Na5 13. g4 c4 14. g5 Nb3 15. Ra2 Nd7 16. h4 Nb6 17. Ng3 g6 18. Bg2 f5 19. gxf6 Qxf6 20. Re2 Na4 21. Qc2 Bf5 22. Nxf5 Qxf5 23. Rg1 Kh8 24. Bh3 Qxh3 25. Qxg6 Qxh4+ 26. Kf1 Qh3+ 27. Ke1 Qh4+ 28. Kf1 Qh3+ 29. Ke1 Qh4+ 30. Rf2 Re7 31. Rg5 Qh1+ 32. Rf1 Qh4+ 33. Kd1 Nxc3+ 34. Kc2 Nxd4+ 35. Kxc3 Nb5+ 36. Kb2 c3+ 37. Ka1 0-1

[Event "82nd UKR-ch"]
[Site "Kyiv UKR"]
[Date "2013.06.15"]
[Round "3"]
[White "Kryvoruchko, Yuriy"]
[WhiteElo "2659"]
[Black "Yefymenko, Zakhar"]
[BlackElo "2651"]
[Result "1/2-1/2"]
[EventDate "2013.06.14"]
[PlyCount "95"]

1. e4 d5 2. exd5 Qxd5 3. Nc3 Qa5 4. Bc4 Nf6 5. d3 c6 6. Bd2 Qc7 7. Qe2 Bf5 8. h3 h5 9. Nf3 Nbd7 10. O-O Nb6 11. Bb3 Nbd5 12. Nxd5 Nxd5 13. Nd4 Bd7 14. Bxd5 cxd5 15. c4 dxc4 16. dxc4 e6 17. Nb5 Bxb5 18. cxb5 Bd6 19. Bc3 O-O 20. Qxh5 Rfd8 21. Rfd1 Bf8 22. Qe5 Qe7 23. a4 Rac8 24. Qe4 b6 25. g3 Rd7 26. Rxd7 Qxd7 27. h4 Rc5 28. Qa8 f6 29. Kg2 Kf7 30. Qe4 Rd5 31. Rh1 Bc5 32. h5 Rf5 33. f3 Qd5 34. Qxd5 Rxd5 35. h6 Rd8 36. hxg7 Kxg7 37. f4 Rd3 38. g4 Bd4 39. Rh3 Rd1 40. Rh1 Rd3 41. Rh3 Rd1 42. b3 e5 43. fxe5 fxe5 44. Bxd4 Rxd4 45. Kg3 Rd3+ 46. Kg2 Rd4 47. Kg3 Rd3+ 48. Kg2 1/2-1/2

[Event "82nd UKR-ch"]
[Site "Kyiv UKR"]
[Date "2013.06.20"]
[Round "4"]
[White "Areschenko, Alexander"]
[WhiteElo "2708"]
[Black "Baryshpolets, Andriy"]
[BlackElo "2547"]
[Result "1/2-1/2"]
[EventDate "2013.06.14"]
[PlyCount "150"]

1. d4 Nf6 2. c4 g6 3. Nf3 Bg7 4. g3 c6 5. Bg2 d5 6. b3 dxc4 7. bxc4 c5 8. Bb2 O-O 9. O-O cxd4 10. Nxd4 Qb6 11. Qb3 Nfd7 12. e3 Nc6 13. Nc3 Qxb3 14. axb3 Nxd4 15. exd4 Bxd4 16. Rfd1 Bf6 17. Ra2 Kg7 18. Nd5 Bxb2 19. Rxb2 Nf6 20. Nxe7 Rb8 21. Nxc8 Rfxc8 22. Ra2 a6 23. Rd6 Rc7 24. Ra1 Nd7 25. Re1 Nf6 26. Re5 b6 27. h3 h5 28. Bf3 Ne8 29. Rd4 Kf8 30. g4 hxg4 31. hxg4 Re7 32. Red5 Nc7 33. Rd6 Re1+ 34. Kg2 Ne6 35. Rd2 Rb1 36. Bd1 Nc5 37. Bc2 Rb2 38. Bd1 Rxd2 39. Rxd2 a5 40. f4 Ke7 41. Bc2 Ne6 42. f5 Nf4+ 43. Kf3 g5 44. Rh2 Rd8 45. Ke3 Rd6 46. Be4 Rd1 47. Rh7 Re1+ 48. Kf3 Rc1 49. Ke3 Re1+ 50. Kf3 Kf6 51. Bd5 Nxd5 52. cxd5 b5 53. Rh6+ Ke5 54. Rb6 b4 55. d6 Rd1 56. Rb5+ Kxd6 57. Rxa5 Rd3+ 58. Ke4 Rxb3 59. f6 Rc3 60. Kd4 Rg3 61. Rxg5 b3 62. Ke4 Kc6 63. Rg8 Kc7 64. Rg5 Kb6 65. Rg8 Kc7 66. Rg5 Kc6 67. Rg8 b2 68. Rb8 Rg2 69. g5 Kc7 70. Rb3 Kd6 71. Rb8 Kc5 72. g6 Rxg6 73. Rxb2 Rxf6 74. Ke5 Rf1 75. Rc2+ Kb6 1/2-1/2

[Event "82nd UKR-ch"]
[Site "Kyiv UKR"]
[Date "2013.06.23"]
[Round "4"]
[White "Yefymenko, Zakhar"]
[WhiteElo "2651"]
[Black "Kravtsiv, Martyn"]
[BlackElo "2626"]
[Result "1/2-1/2"]
[EventDate "2013.06.14"]
[PlyCount "203"]

1. e4 e5 2. Nf3 Nc6 3. Bb5 a6 4. Ba4 Nf6 5. O-O Be7 6. d3 b5 7. Bb3 d6 8. a4 Bd7 9. c3 O-O 10. Bc2 Re8 11. Re1 Rb8 12. Nbd2 Bf8 13. h3 h6 14. Nf1 b4 15. Ng3 bxc3 16. bxc3 d5 17. Bd2 dxe4 18. dxe4 Na5 19. Qe2 c5 20. Bd3 Qc7 21. Bxa6 c4 22. Be3 Re6 23. Bb5 Bxb5 24. axb5 Rxb5 25. Ra4 Rd6 26. Rd1 Rxd1+ 27. Qxd1 Bc5 28. Bxc5 Rxc5 29. Rb4 Nc6 30. Rb1 Na7 31. Qa4 Ra5 32. Rb7 Rxa4 33. Rxc7 Nb5 34. Rc8+ Kh7 35. Nxe5 Nd6 36. Rc7 Nfxe4 37. Nxe4 Nxe4 38. Nxc4 Nxc3 39. Nd6 Ne4 40. Nxe4 Rxe4 41. Rxf7 Ra4 42. Rf5 Rb4 43. g4 Ra4 44. Kg2 Rb4 45. Kg3 Rb3+ 46. f3 Rb4 47. h4 Ra4 48. h5 Rb4 49. Rd5 Ra4 50. Kf2 Ra3 51. Ke2 Rb3 52. Rd3 Rb8 53. f4 Rb1 54. Kf3 Rg1 55. Rd8 Re1 56. Ra8 Rg1 57. Ra6 Re1 58. Rg6 Ra1 59. Re6 Rg1 60. Re5 Kh8 61. Re7 Kh7 62. Re8 Rf1+ 63. Kg3 Rg1+ 64. Kh3 Rf1 65. Rf8 Rg1 66. Rf5 Kg8 67. Rd5 Kh7 68. Rd7 Kg8 69. Rd6 Kh7 70. Kh4 Rh1+ 71. Kg3 Rg1+ 72. Kf3 Re1 73. Rg6 Ra1 74. f5 Ra3+ 75. Kf2 Ra2+ 76. Kg3 Ra3+ 77. Kh4 Rb3 78. f6 gxf6 79. Rxf6 Kg7 80. Rc6 Ra3 81. Rc7+ Kg8 82. Rc1 Kg7 83. Rg1 Rb3 84. Rg3 Rb7 85. Re3 Ra7 86. Kg3 Rf7 87. Re5 Kh7 88. Rf5 Ra7 89. Rf4 Kg7 90. Kf3 Ra3+ 91. Ke4 Ra4+ 92. Ke5 Ra5+ 93. Kd6 Ra6+ 94. Kc7 Ra7+ 95. Kb6 Ra1 96. Rd4 Kf6 97. Rd6+ Kg5 98. Rg6+ Kh4 99. Rxh6 Kxg4 100. Rh8 Kg5 101. Kb7 Ra4 102. Kb6 1/2-1/2

[Event "82nd UKR-ch"]
[Site "Kyiv UKR"]
[Date "2013.06.17"]
[Round "4"]
[White "Moiseenko, Olexandr"]
[WhiteElo "2711"]
[Black "Kryvoruchko, Yuriy"]
[BlackElo "2659"]
[Result "1/2-1/2"]
[EventDate "2013.06.14"]
[PlyCount "23"]

1. d4 Nf6 2. c4 e6 3. Nf3 b6 4. g3 Bb4+ 5. Bd2 Bxd2+ 6. Qxd2 Ba6 7. b3 O-O 8. Bg2 d5 9. O-O c6 10. Ne5 Nfd7 11. Nxd7 Nxd7 12. Rc1 1/2-1/2

[Event "82nd UKR-ch"]
[Site "Kyiv UKR"]
[Date "2013.06.18"]
[Round "4"]
[White "Neverov, Valeriy"]
[WhiteElo "2515"]
[Black "Eljanov, Pavel"]
[BlackElo "2707"]
[Result "1/2-1/2"]
[EventDate "2013.06.14"]
[PlyCount "91"]

1. d4 d5 2. c4 e6 3. Nf3 Nf6 4. g3 Bb4+ 5. Bd2 Be7 6. Bg2 O-O 7. O-O c6 8. Qc2 Nbd7 9. Rd1 b6 10. Bf4 Bb7 11. Ne5 Nxe5 12. dxe5 Nd7 13. cxd5 cxd5 14. e4 dxe4 15. Bxe4 Bxe4 16. Qxe4 Nc5 17. Qf3 Qe8 18. Nc3 a5 19. h4 h6 20. h5 Rc8 21. Be3 f6 22. exf6 Bxf6 23. Qg4 Nd7 24. Ne4 Bxb2 25. Nd6 Ne5 26. Qe2 Nf3+ 27. Kf1 Qxh5 28. Qxb2 Rcd8 29. Qb5 Qh3+ 30. Ke2 Qg4 31. Qc4 Nd4+ 32. Ke1 Nf3+ 33. Kf1 Rxd6 34. Qxg4 Rxd1+ 35. Rxd1 Nh2+ 36. Ke2 Nxg4 37. Bxb6 a4 38. Rd6 Kf7 39. Rd7+ Kg6 40. Ra7 Rb8 41. Rxa4 Rxb6 42. Rxg4+ Kf5 43. Rf4+ Ke5 44. Kd3 g5 45. Rc4 h5 46. Rc5+ 1/2-1/2

[Event "82nd UKR-ch"]
[Site "Kyiv UKR"]
[Date "2013.06.18"]
[Round "4"]
[White "Volokytin, Andriy"]
[WhiteElo "2687"]
[Black "Bogdanovich, Stanislav"]
[BlackElo "2567"]
[Result "0-1"]
[EventDate "2013.06.14"]
[PlyCount "109"]

1. e4 c5 2. Nf3 d6 3. d4 cxd4 4. Nxd4 Nf6 5. Nc3 a6 6. Bg5 Nbd7 7. Qe2 e6 8. f4 Qc7 9. O-O-O b5 10. a3 Be7 11. g4 Bb7 12. Bg2 O-O 13. Kb1 Rab8 14. Rhe1 Nb6 15. h4 Rfc8 16. f5 Nc4 17. Rd3 e5 18. Nb3 a5 19. Bxf6 Bxf6 20. g5 Bd8 21. f6 Bc6 22. Bh3 b4 23. axb4 axb4 24. Nd5 Bxd5 25. Rxd5 Qa7 26. Bxc8 Rxc8 27. Qd3 Qa6 28. Nc5 Qb5 29. b3 Na3+ 30. Kb2 Rxc5 31. Qxb5 Nxb5 32. Ra1 Nd4 33. Rxd4 exd4 34. Ra8 gxf6 35. gxf6 h6 36. Rxd8+ Kh7 37. Rxd6 Kg6 38. Rxd4 Rb5 39. Rd5 Rb7 40. Rf5 h5 41. Rg5+ Kxf6 42. Rxh5 Re7 43. Rf5+ Kg6 44. Rg5+ Kf6 45. e5+ Ke6 46. h5 Re8 47. h6 Rh8 48. Rh5 Rh7 49. c3 bxc3+ 50. Kxc3 f5 51. exf6 Kxf6 52. b4 Kg6 53. Rh1 Rc7+ 54. Kd4 Kh7 55. b5 0-1

[Event "82nd UKR-ch"]
[Site "Kyiv UKR"]
[Date "2013.06.16"]
[Round "5"]
[White "Bogdanovich, Stanislav"]
[WhiteElo "2567"]
[Black "Areschenko, Alexander"]
[BlackElo "2708"]
[Result "0-1"]
[EventDate "2013.06.14"]
[PlyCount "128"]

1. Nf3 c5 2. c4 Nc6 3. Nc3 g6 4. e3 Nf6 5. d4 cxd4 6. exd4 d5 7. cxd5 Nxd5 8. Qb3 e6 9. Bb5 Bg7 10. Bg5 f6 11. Bd2 O-O 12. O-O a6 13. Bxc6 bxc6 14. Ne4 g5 15. Nc5 g4 16. Ne1 f5 17. Nc2 Qd6 18. Nd3 a5 19. Rfe1 f4 20. Re4 g3 21. Rae1 gxf2+ 22. Nxf2 Rb8 23. Qc4 Rxb2 24. Nd3 Ba6 25. Qxa6 Rxc2 26. Qxa5 f3 27. gxf3 Nc3 28. Bf4 Qd7 29. Nc5 Qd5 30. Be5 Nxe4 31. fxe4 Qc4 32. Bxg7 Kxg7 33. Qc7+ Kh6 34. Qd6 Rff2 35. Qxe6+ Qxe6 36. Nxe6 Rg2+ 37. Kh1 Rxh2+ 38. Kg1 Rcg2+ 39. Kf1 Rxa2 40. Kg1 Rag2+ 41. Kf1 Rf2+ 42. Kg1 Rhg2+ 43. Kh1 Rg6 44. d5 cxd5 45. exd5 Rf5 46. Re2 Rxd5 47. Nf4 Rd1+ 48. Kh2 Rf6 49. Ng2 Rd5 50. Ra2 Rdf5 51. Ra4 Rf3 52. Rb4 Ra3 53. Rb5 Rf2 54. Rb6+ Kg5 55. Rb5+ Rf5 56. Rb8 Rc5 57. Rg8+ Kh6 58. Rf8 Rh5+ 59. Kg1 Ra2 60. Ne3 Rg5+ 61. Kh1 Ra4 62. Nf1 Kg7 63. Rf2 Rg6 64. Rf3 Rag4 0-1

[Event "82nd UKR-ch"]
[Site "Kyiv UKR"]
[Date "2013.06.19"]
[Round "5"]
[White "Eljanov, Pavel"]
[WhiteElo "2707"]
[Black "Yefymenko, Zakhar"]
[BlackElo "2651"]
[Result "1/2-1/2"]
[EventDate "2013.06.14"]
[PlyCount "50"]

1. e4 c6 2. d4 d5 3. Nc3 dxe4 4. Nxe4 Bf5 5. Ng3 Bg6 6. N1e2 Nf6 7. Nf4 Nbd7 8. Bc4 Qc7 9. c3 e6 10. O-O Bd6 11. Qf3 O-O 12. Bb3 a5 13. a4 Bxf4 14. Qxf4 Qb6 15. Bc4 Rfe8 16. b3 Nd5 17. Qd2 e5 18. dxe5 Nxe5 19. Bxd5 Rad8 20. Qd4 Qc7 21. c4 cxd5 22. cxd5 Bd3 23. Bg5 f6 24. Rfc1 Qf7 25. Bf4 Qxd5 1/2-1/2

[Event "82nd UKR-ch"]
[Site "Kyiv UKR"]
[Date "2013.06.25"]
[Round "5"]
[White "Kravtsiv, Martyn"]
[WhiteElo "2626"]
[Black "Moiseenko, Olexandr"]
[BlackElo "2711"]
[Result "1/2-1/2"]
[EventDate "2013.06.14"]
[PlyCount "63"]

1. e4 c5 2. Nf3 Nc6 3. d4 cxd4 4. Nxd4 Nf6 5. Nc3 e5 6. Ndb5 d6 7. Bg5 a6 8. Na3 b5 9. Nd5 Be7 10. Bxf6 Bxf6 11. c4 b4 12. Nc2 O-O 13. g3 Bg5 14. h4 Bh6 15. Bh3 Be6 16. Kf1 a5 17. Kg2 Ra7 18. Qd3 Qb8 19. Rad1 Nd8 20. Nce3 Bxe3 21. Nxe3 Rd7 22. Nf5 Nb7 23. Qe3 Rfd8 24. h5 h6 25. Nxh6+ gxh6 26. Qxh6 Nc5 27. Qg5+ Kh7 28. Bf5+ Bxf5 29. Qxf5+ Kh8 30. Qf6+ Kh7 31. Qf5+ Kh8 32. Qf6+ 1/2-1/2

[Event "82nd UKR-ch"]
[Site "Kyiv UKR"]
[Date "2013.06.17"]
[Round "6"]
[White "Areschenko, Alexander"]
[WhiteElo "2708"]
[Black "Volokytin, Andriy"]
[BlackElo "2687"]
[Result "1/2-1/2"]
[EventDate "2013.06.14"]
[PlyCount "39"]

1. e4 e5 2. Nf3 Nf6 3. Nxe5 d6 4. Nf3 Nxe4 5. Nc3 Nxc3 6. dxc3 Be7 7. Be3 Nc6 8. Qd2 Be6 9. Ng5 Bxg5 10. Bxg5 Qd7 11. O-O-O O-O 12. b3 a5 13. a4 Na7 14. c4 b6 15. h4 Nc6 16. h5 h6 17. Be3 Qe7 18. Qc3 Bf5 19. Kb2 Qe5 20. Qxe5 1/2-1/2